Toutes les villes de Pokémon (1-9g) - Statistiques

Statistiques générales
  • Ce quiz a été pris 53 fois
    29 depuis la dernière actualisation
  • Le résultat moyen est 84 sur 141
Statistiques - réponses
Hint Réponse % Correct
Kanto Argenta
94%
Johto Bourg Geon
94%
Kanto Bourg Palette
94%
Kanto Céladopole
94%
Kanto Azuria
88%
Kanto Carmin sur Mer
88%
Kanto Cramois'Île
88%
Johto Ébènelle
88%
Kanto Jadielle
88%
Hoenn Lavandia
88%
Kanto Lavanville
88%
Johto Mauville
88%
Johto Oliville
88%
Johto Rosalia
88%
Kanto Safrania
88%
Hoenn Atalanopolis
81%
Kalos Auffrac-les-Congères
81%
Kalos Bourg Croquis
81%
Hoenn Cimetronelle
81%
Hoenn Clémenti-Ville
81%
Johto Doublonville
81%
Hoenn Éternara
81%
Sinnoh Féli-Cité
81%
Unys Flocombe
81%
Kalos Illumis
81%
Johto Irisia
81%
Unys Janusia
81%
Unys Méanville
81%
Hoenn Mérouville
81%
Hoenn Myokara
81%
Hoenn Nénucrique
81%
Kanto Parmanie
81%
Unys Parsemille
81%
Unys Port Yoneuve
81%
Hoenn Vermilava
81%
Johto Acajou
75%
Hoenn Algatia
75%
Unys Arabelle
75%
Hoenn Bourg-en-Vol
75%
Sinnoh Célestia
75%
Sinnoh Charbourg
75%
Johto Écorcia
75%
Sinnoh Frimapic
75%
Sinnoh Littorella
75%
Unys Maillard
75%
Unys Ogoesse
75%
Kalos Port Tempères
75%
Sinnoh Rivamar
75%
Sinnoh Unionpolis
75%
Sinnoh Verchamps
75%
Sinnoh Vestigion
75%
Sinnoh Voilaroc
75%
Unys Volucité
75%
Sinnoh Aire de Combat
69%
Sinnoh Aire de Détente
69%
Sinnoh Aire de Survie
69%
Sinnoh Bonaugure
69%
Sinnoh Bonville
69%
Sinnoh Floraville
69%
Kalos Flusselles
69%
Kalos Fort-Vanitas
69%
Sinnoh Joliberges
69%
Kalos Neuvartault
69%
Unys Pavonnay
69%
Hoenn Poivressel
69%
Kalos Quarellis
69%
Kalos Relifac-le-Haut
69%
Kalos Roche-sur-Gliffe
69%
Kalos Romant-sous-Bois
69%
Johto Ville Griotte
69%
Galar Winscor
69%
Kalos Yantreizh
69%
Unys Amaillide
63%
Hoenn Autéquia
63%
Kalos Cromlac'h
63%
Alola Ekaeka
63%
Unys Forêt Blanche
63%
Galar Motorby
63%
Unys Ondes-sur-Mer
63%
Hoenn Pacifiville
63%
Galar Paddoxton
63%
Unys Renouet
63%
Unys Vaguelone
63%
Unys Ville Noire
63%
Paldea Alforneira
56%
Kalos Batisques
56%
Unys Entrelasque
56%
Galar Greenbury
56%
Kalos Mozheim
56%
Unys Papeloa
56%
Hoenn Rosyères
56%
Unys Rotombourg
56%
Galar Skifford
56%
Hoenn Vergazon
56%
Unys Arpentières
50%
Alola Ho'ohale
50%
Galar Kickenham
50%
Kalos La Frescale
50%
Alola Lili'i
50%
Alola Malié
50%
Paldea Mesaledo
50%
Galar Smashings
50%
Alola Village Flottant
50%
Galar Brasswick
44%
Galar Corrifey
44%
Paldea Cuchalaga
44%
Paldea Jarramanca
44%
Alola Konikoni
44%
Galar Ludester
44%
Alola Ohana
44%
Galar Old Chister
44%
Hisui Rusti-Cité
44%
Alola Village Toko
44%
Paldea Cuencia
38%
Alola Kokohio
38%
Paldea Levalendura
38%
Paldea Mezclamora
38%
Paldea Plato Real
38%
Paldea Frigao
31%
Paldea Porto Marinada
31%
Septentria Jaderaude
25%
Paldea Pinchoria
25%
Paldea Sevaro
25%
Almia Bourg-Chicore
19%
Fiore Automnelle
13%
Oblivia Balnéaria
13%
Almia Bonport
13%
Fiore Bourg-l'Hiver
13%
Almia Campement Froidur
13%
Hisui Hameau Diamant
13%
Galar Hameau Gelé
13%
Hisui Hameau Oublié
13%
Hisui Hameau Perle
13%
Fiore Îlot-Été
13%
Unys Pont du Hameau
13%
Fiore Printiville
13%
Almia Terruptive
13%
Almia Véterville
13%
Almia Village Alorize
13%
Oblivia Village Cocona
13%
Oblivia Pentobolique
6%
Aucun quiz correspondant
Distribution des résultats
% des personnes avec chaque résultat
Percentile par nombre de réponses
Votre historique - résultats
Vous n’avez pas pris ce quiz depuis la dernière actualisation